| 000 | 00483nam a2200205Ia 4500 | ||
|---|---|---|---|
| 008 | 210210b1928 xxu||||| |||| 00| 0 eng d | ||
| 041 | _aeng | ||
| 082 | _a520/104 | ||
| 100 | _aMACPHERSON (Hector) | ||
| 245 | _aModern astronomy: Its rise and progress | ||
| 260 |
_aLondon _bOxford University Pres _c1928 |
||
| 300 | _a196 | ||
| 650 | _arise | ||
| 650 | _aprogress | ||
| 650 | _aModern | ||
| 650 | _aIts | ||
| 650 | _aastronomy: | ||
| 690 | _aAstronomy | ||
| 906 | _a008089 | ||
| 999 |
_c125967 _d125967 |
||